00532nam a2200193Ia 450000500170000000800410001702000180005804100120007608200180008810000180010624500440012426000480016830000220021665000140023865000230025265000190027565000160029470000280031020260429111915.0260429s9999||||xx |||||||||||||| ||und|| a9788119671779 aEnglish a418.0071bKUM aKumar, Rajesh 0aLearn English in Tamil / cRajesh Kumar aChennai : bNational Academic Press,c2025. aviii, 394 p.; pbk a Grammars a Language teaching a Tamil-English aLinguistics a Sathyanathan, Karthika